Eunomia new order for a new world
Gespeichert in:
| 1. Verfasser: | |
|---|---|
| Format: | Buch |
| Sprache: | Englisch |
| Veröffentlicht: |
Oxford
Oxford University Press
2001
|
| Schlagworte: | |
| Tags: |
Keine Tags, Fügen Sie das erste Tag hinzu!
|
MARC
| LEADER | 00000nam a2200000 4500 | ||
|---|---|---|---|
| 001 | c137816 | ||
| 005 | 20221124105130.6 | ||
| 020 | |a 0-19-825599-3 | ||
| 041 | 0 | |a eng | |
| 044 | |a GB | ||
| 245 | 1 | 0 | |a Eunomia |b new order for a new world |c Philip Allott |
| 264 | 1 | |a Oxford |b Oxford University Press |c 2001 | |
| 300 | |a 427 s. | ||
| 610 | 2 | 0 | |a prognózy sociálno-ekonomické |
| 610 | 2 | 0 | |a prognózy sociálne |
| 610 | 2 | 0 | |a prognózy hospodárske medzinárodné |
| 610 | 2 | 0 | |a prognózy dlhodobé |
| 610 | 2 | 0 | |a vývoj hospodársky |
| 610 | 2 | 0 | |a vývoj spoločenský |
| 610 | 2 | 0 | |a vývoj systémov |
| 610 | 2 | 0 | |a vývoj štruktúry hospodárskej |
| 610 | 2 | 0 | |a právo medzinárodné |
| 610 | 2 | 0 | |a organizácie medzinárodné |
| 610 | 2 | 0 | |a právo |
| 100 | 1 | |a Allott, Philip | |